Decision making : a case study among managers in the private sector /
Saved in:
| 主要作者: | |
|---|---|
| 格式: | Thesis 图书 |
| 语言: | English |
| 出版: |
1989.
|
| 主题: | |
| 标签: |
添加标签
没有标签, 成为第一个标记此记录!
|
| LEADER | 01217cam a2200313 a 4500 | ||
|---|---|---|---|
| 001 | u105488 | ||
| 003 | SIRSI | ||
| 008 | 910729s1989 my at 00 1 eng m | ||
| 035 | |a AAL-4945 | ||
| 040 | |a UMM |d UME | ||
| 043 | |a a-my--- | ||
| 090 | |a HD30.23 |b Tan | ||
| 091 | |a Microfilm 2606 | ||
| 099 | |a 658.403 |b Tan | ||
| 100 | 1 | 0 | |a Tan, Iris Kok Foong. |
| 245 | 1 | 0 | |a Decision making : |b a case study among managers in the private sector / |c by Iris Tan Kok Foong. |
| 260 | 1 | |c 1989. | |
| 300 | |a xi, 150 leaves ; |c 30 cm. | ||
| 500 | |a Also available on microfilm. Kuala Lumpur : Perpustakaan Universiti Malaya, 1989. 1 reel : negative ; 35 mm. | ||
| 500 | |a Refer Microfilm 2604 | ||
| 502 | |a Dissertation (M.P.A.) -- Fakulti Ekonomi dan Pentadbiran, Univrsiti Malaya, 1989. | ||
| 504 | |a Bibliography : leaves 148-150. | ||
| 650 | 0 | |a Decision making. | |
| 650 | 0 | |a Executives |z Malaysia |x Decision-making. | |
| 650 | 0 | |a Management |x Methodology | |
| 948 | |a 20/08/1991 |b 12/03/2004 | ||
| 596 | |a 1 9 | ||
| 999 | |a HD30.23 TAN |w LC |c 1 |i A010754642 |d 18/10/2014 |e 18/10/2014 |l STACKS |m P01UTAMA |n 28 |r Y |s Y |t TESIS |u 16/10/1991 | ||
| 999 | |a TESIS 658.403 TAN |w LC |c 1 |i A506302094 |d 10/4/1998 |l DAMAGED |m P09EKONOMI |n 1 |r Y |s Y |t TESIS |u 15/10/1997 | ||
